000 00509nam a2200181Ia 4500
003 GCL
008 140319s9999 xx 000 0 ara d
040 _aGCL /
_cGCL
082 0 4 _a350
_bا ا
100 1 _aاحمد رشيد
245 1 0 _aالاصلاح الادارى: اعادة التفكير /
_cاحمد رشيد
300 _a75 ص
490 _a
650 0 4 _aالقانون الادارى
650 0 4 _aالادارة العامة
650 0 4 _aالتنمية الادارية
942 _2ddc
_cBK
999 _c37681
_d37681